Espiritualidad del Exodo / (Record no. 30157)

MARC details
000 -LEADER
campo de control de longitud fija 00661nam a2200217 i 4500
001 - NÚMERO DE CONTROL
campo de control 30157
003 - IDENTIFICADOR DE NÚMERO DE CONTROL
campo de control ES-MaACL
005 - FECHA Y HORA DE LA ÚLTIMA TRANSACCIÓN
campo de control 20250819001159.0
007 - CAMPO FIJO DE DESCRIPCIÓN FÍSICA--INFORMACIÓN GENERAL
campo de control de longitud fija t|
008 - DATOS DE LONGITUD FIJA--INFORMACIÓN GENERAL
campo de control de longitud fija 030123s1968 sp ||||1| spa d
100 1# - ENTRADA PRINCIPAL--NOMBRE DE PERSONA
Nombre de persona Barsotti, Divo.
9 (RLIN) 26094
245 10 - MENCIÓN DEL TÍTULO
Título Espiritualidad del Exodo /
Mención de responsabilidad, etc. Divo Barsotti ; [tradujo Luis Bittini].
260 ## - PUBLICACIÓN, DISTRIBUCIÓN, ETC.
Lugar de publicación, distribución, etc. Salamanca :
Nombre del editor, distribuidor, etc. Sígueme,
Fecha de publicación, distribución, etc. 1968.
300 ## - DESCRIPCIÓN FÍSICA
Extensión 299 p. ;
Dimensiones 19 cm.
490 1# - MENCIÓN DE SERIE
Mención de serie Estela ;
Designación de volumen o secuencia 32
630 07 - PUNTO DE ACCESO ADICIONAL DE MATERIA--TÍTULO UNIFORME
Título uniforme Biblia.
Nombre de parte o sección de la obra A. T.
-- Éxodo-
Subdivisión general Crítica e interpretación
Fuente del encabezamiento o término
9 (RLIN) 167049
700 1# - ENTRADA AGREGADA--NOMBRE PERSONAL
Nombre de persona Bittini, Luis.
9 (RLIN) 29031
830 0# - PUNTO DE ACCESO ADICIONAL DE SERIE-TÍTULO UNIFORME
Título uniforme Estela ;
Designación de volumen o secuencia 32
9 (RLIN) 181322
852 ## - LOCALIZACIÓN
Ubicación ES-MaACL
Número de control de estantería C-51410
Sublocalización o colección R.65971
Holdings
Estatus retirado Estado de pérdida Estado de daño No para préstamo Biblioteca de origen Biblioteca actual Ubicación en estantería Fecha de adquisición Fuente de adquisición Total de préstamos Signatura topográfica completa Código de barras Visto por última vez Precio de reemplazo Tipo de ítem Koha
        Biblioteca del Ateneo de Madrid Biblioteca del Ateneo de Madrid Depósito 2 17/01/2008     C-51410 1031134 23/02/2023 23/02/2023 Libro impreso